Entry Personal Name
Number of records used in: 2
001 - CONTROL NUMBER
003 - CONTROL NUMBER IDENTIFIER
005 - DATE AND TIME OF LATEST TRANSACTION
- control field:
20210403104945.0
008 - FIXED-LENGTH DATA ELEMENTS
- fixed length control field:
800530n| azannaabn |a aaa
010 ## - LIBRARY OF CONGRESS CONTROL NUMBER
- LC control number:
n 79117865
035 ## - SYSTEM CONTROL NUMBER
- System control number:
(OCoLC)oca00349558
040 ## - CATALOGING SOURCE
- Original cataloging agency:
DLC
- Language of cataloging:
eng
- Description conventions:
rda
- Transcribing agency:
DLC
- Modifying agency:
DLC
- Modifying agency:
MX-SlUA
- Modifying agency:
IEN
046 ## - SPECIAL CODED DATES
100 1# - HEADING--PERSONAL NAME
- Personal name:
Baron, Robert A.
373 ## - ASSOCIATED GROUP
- Associated group:
Purdue University
- Associated group:
Rensselaer Polytechnic Institute
- Associated group:
University of Iowa
- Source of term:
naf
374 ## - OCCUPATION
- Occupation:
College teachers
- Source of term:
lcsh
375 ## - GENDER
377 ## - ASSOCIATED LANGUAGE
400 1# - SEE FROM TRACING--PERSONAL NAME
- Personal name:
Barón, Robert,
- Dates associated with a name:
1943-
670 ## - SOURCE DATA FOUND
- Source citation:
His Human social behavior, 1971.
670 ## - SOURCE DATA FOUND
- Source citation:
Entrepreneurship, c2005:
- Information found:
t.p. (Robert A. Baron, Lally Sch. of Mgmt. & Tech., Rensselaer Polytechnic Institute, Troy, NY) p. xvi (Ph.D, Univ. of Iowa; prof., mgmt., and prof., psych., Rensselaer Polytech.; fellow, American Psych. Assoc.)
670 ## - SOURCE DATA FOUND
- Source citation:
Psicología un enfoque conceptual, 1985:
- Information found:
title page (Robert Barón) leaf 2 (Robert Barón. Purdue University)
678 ## - BIOGRAPHICAL OR HISTORICAL DATA
- Biographical or historical data:
b. June 7, 1943